header

Charlie and the great glass elevator (Record no. 264562)

MARC details
000 -LEADER
fixed length control field 00415nam a22001697a 4500
003 - CONTROL NUMBER IDENTIFIER
control field OSt
005 - DATE AND TIME OF LATEST TRANSACTION
control field 20241018160227.0
008 - FIXED-LENGTH DATA ELEMENTS--GENERAL INFORMATION
fixed length control field 241002b xxu||||| |||| 00| 0 eng d
020 ## - INTERNATIONAL STANDARD BOOK NUMBER
International Standard Book Number 553121448
040 ## - CATALOGING SOURCE
Transcribing agency N/A
050 ## - LIBRARY OF CONGRESS CALL NUMBER
Classification number PZ7
Item number D1515
100 ## - MAIN ENTRY--PERSONAL NAME
Personal name Roald Dahl
245 ## - TITLE STATEMENT
Title Charlie and the great glass elevator
Statement of responsibility, etc Dahl,Roald
260 ## - PUBLICATION, DISTRIBUTION, ETC. (IMPRINT)
Place of publication, distribution, etc New York
Name of publisher, distributor, etc Bantam Books
Date of publication, distribution, etc 1972
300 ## - PHYSICAL DESCRIPTION
Other physical details 164 pages
942 ## - ADDED ENTRY ELEMENTS (KOHA)
Source of classification or shelving scheme Library of Congress Classification
Koha item type Long Loan Books
Holdings
Withdrawn status Lost status Source of classification or shelving scheme Damaged status Not for loan Collection code Home library Current library Shelving location Date acquired Total Checkouts Full call number Barcode Date last seen Price effective from Koha item type
    Library of Congress Classification     Fiction Rongo University Library Rongo University Library Children's Area 02/10/2024   PZ7.D1515 1972 CL20243664 02/10/2024 02/10/2024 Long Loan Books

© 2026 Rongo University
Contact us: librarian | system librarian | Rongo university